Statistics for TIME 100 2018

Click here to take the quiz!

General Stats

  • This quiz has been taken 25 times
  • The average score is 7 of 100

Answer Stats

Person% Correct
Donald Trump
96%
Pony Ma
88%
Emmanuel Macron
38%
Chloe Kim
33%
Justin Trudeau
33%
Kim Jong Un
33%
Meghan Markle
33%
Prince Harry
29%
Roger Federer
21%
Xi Jinping
21%
Millie Bobby Brown
17%
Oprah Winfrey
17%
Rihanna
17%
Shinzo Abe
17%
Sterling K. Brown
17%
Elon Musk
13%
Jennifer Lopez
13%
Jimmy Kimmel
13%
Cardi B
8%
Jeff Bezos
8%
Robert Mueller
8%
Ruth Davidson
8%
Sadiq Khan
8%
Trevor Noah
8%
Virat Kohli
8%
Carl June
4%
Chadwick Boseman
4%
Cindy Holland
4%
Crown Prince Mohammed Bin Salman
4%
Guillermo Del Toro
4%
J. J. Watt
4%
Kevin Durant
4%
Kevin Kwan
4%
Mauricio Macri
4%
Moon Jae-In
4%
Nancy Pelosi
4%
Roseanne Barr
4%
Tarana Burke
4%
Adam Neumann
0%
Adam Rippon
0%
Alex Wind
0%
Ann McKee
0%
Bhavish Aggarwal
0%
Cameron Kasky
0%
Carmen Yulin Cruz
0%
Christian Siriano
0%
Christopher Wylie
0%
Cristina Jimenez
0%
Daniela Vega
0%
David Hogg
0%
Deepika Padukone
0%
Elizabeth Diller
0%
Emma Gonzalez
0%
Emmerson Mnangagwa
0%
Gal Gadot
0%
Giuliano Testa
0%
Greta Gerwig
0%
Haider Al-Abadi
0%
Hoda Kotb
0%
Hugh Jackman
0%
Issa Rae
0%
Jacinda Ardern
0%
Jaclyn Corin
0%
Janet Mock
0%
Jan Rader
0%
Jeff Sessions
0%
Jesmyn Ward
0%
Jian-Wei Pan
0%
Jodi Kantor
0%
John Krasinski
0%
Jose Andres
0%
JR
0%
Judy Chicago
0%
Kehinde Wiley
0%
Kenneth C. Frazier
0%
Kesha
0%
Kumail Nanjiani
0%
Lena Waithe
0%
Leo Varadkar
0%
Marica Branchesi
0%
Masayoshi Son
0%
Maxine Waters
0%
Megan Twohey
0%
Nice Nailantei Leng’ete
0%
Nicole Kidman
0%
Peggy Whitson
0%
Rachael Denhollander
0%
Ronan Farrow
0%
Ryan Coogler
0%
Satya Nadella
0%
Savannah Guthrie
0%
Scott Pruitt
0%
Sean Hannity
0%
Shawn Mendes
0%
Sheikh Hasina
0%
Sinta Nuriyah
0%
Sonia Friedman
0%
Tiffany Haddish
0%
Virgil Abloh
0%
Whitney Wolfe Herd
0%

Score Distribution

Percentile by Number Answered

Percent of People with Each Score

Your Score History

You have not taken this quiz